Agreements Relating to the Status of the North Atlantic Treaty Organization, Armed Forces, and Military Headquarters : hearings before the United States Senate Committee on Foreign Relations, Eighty-Third Congress, first session, on Apr. 7, 8, 1953.

Bibliographic Details
Corporate Authors: United States. Congress. Senate. Committee on Foreign Relations, ProQuest (Firm)
Format: Government Document eBook
Language:English
Published: Washington : U.S. G.P.O., 1953.
Series:U.S. Congressional Hearings.
Subjects:
Online Access:Connect to the full text of this electronic book

MARC

Tag First Indicator Second Indicator Subfields
LEADER 00000cam a22000001a 4500
001 in00003170621
006 m d f
007 cr bn mmmapmmp
008 090617s1953 dcu o f000 0 eng d
005 20260504161839.0
035 |a cis2007423909 
040 |a UMI  |c UMI  |d UtOrBLW 
043 |a n-us--- 
086 0 |a Y 4.F 76/2:N 81 a/3 
099 |a HRG-1953-FOR-0004 
110 1 |a United States.  |b Congress.  |b Senate.  |b Committee on Foreign Relations. 
245 1 0 |a Agreements Relating to the Status of the North Atlantic Treaty Organization, Armed Forces, and Military Headquarters :  |b hearings before the United States Senate Committee on Foreign Relations, Eighty-Third Congress, first session, on Apr. 7, 8, 1953. 
264 1 |a Washington :  |b U.S. G.P.O.,  |c 1953. 
300 |a 1 online resource. 
336 |a text  |b txt  |2 rdacontent 
337 |a computer  |b c  |2 rdamedia 
338 |a online resource  |b cr  |2 rdacarrier 
500 |a Record is based on bibliographic data in ProQuest Congressional Hearings Digital Collection. Reuse except for individual research requires license from ProQuest, LLC. 
538 |a System requirements: PDF reader software. 
500 |a Electronic resource. 
610 2 0 |a North Atlantic Treaty Organization. 
650 0 |a Status of forces agreements. 
655 7 |a Electronic books.  |2 local 
710 2 |a ProQuest (Firm) 
776 0 8 |i Print version:  |a United States. Congress. Senate. Committee on Foreign Relations.  |t Agreements Relating to the Status of the North Atlantic Treaty Organization, Armed Forces, and Military Headquarters 
776 0 8 |i Microfiche version:  |a United States. Congress. Senate. Committee on Foreign Relations.  |t Agreements Relating to the Status of the North Atlantic Treaty Organization, Armed Forces, and Military Headquarters.  |d [Bethesda, Md.] : ProQuest,[2004]  |o CIS Hrgs MF Gp 3--(83) S1043-1  |w (ProQuest)cis10602367 
830 0 |a U.S. Congressional Hearings. 
856 4 0 |u http://proxy.library.tamu.edu/login?url=https://congressional.proquest.com/congcomp/getdoc?HEARING-ID=HRG-1953-FOR-0004  |z Connect to the full text of this electronic book  |t 0 
998 |a cis10602367 
999 |a MARS 
999 f f |s c94d1b55-fa72-37ce-a4b1-0314dd6d4999  |i 23a5fe0a-b6b0-3b15-a459-5ce24ea39f41  |t 0 
952 f f |a Texas A&M University  |b College Station  |c Electronic Resources  |s www_evans  |d Available Online  |t 0  |e HRG-1953-FOR-0004  |h Other scheme 
998 f f |a HRG-1953-FOR-0004  |t 0  |l Available Online